Radiation protection of workers (ionising radiations)

Detalles Bibliográficos
Formato: Desconocido
Lenguaje:inglés
Publicado: Geneva : International Labour Organization, represented by the International Labour Office (ILO), 1987
Materias:
Acceso en línea:http://www.vlex.com/source/11294

MARC

LEADER 00000 a2200000 4500
005 20130612174542.0
007 cr|||| ||||
008 130612e1987 sz |||||s|||| 00||0 eng d
020 |a 92-2-105996-0 
035 |a 11294 
040 |a vLex 
090 |c 4325  |d 4325 
245 0 0 |a Radiation protection of workers   |h [Recurso electrn̤ico]   |b (ionising radiations) 
256 |a Servicio en ln̕ea 
260 |a Geneva :  |b International Labour Organization, represented by the International Labour Office (ILO),   |c 1987 
300 |a 1 Recurso electrn̤ico 
506 |a Contenido solo disponible en los productos indicados  |d vLex Global   |d vLex Global (Academic Edition, excluding Law Schools)  |d vLex Global (U.S. Academic Edition, Law Schools)  |d vLex Global (U.S. Academic Edition, excluding Law Schools)  |d vLex Global (Academic Edition, Law Schools) 
650 4 |a Derecho laboral y Seguridad Social 
650 4 |a Seguridad y Salud Laboral 
650 4 |a Contaminacin̤ radiactiva 
740 |a vLex Libros (Servicio en ln̕ea) 
856 |a Acceso restringido  |u http://www.vlex.com/source/11294 
942 |c BOOK 
999 0 |a Labor laws and legislation